| 000 | 01667nam a22003137a 4500 | ||
|---|---|---|---|
| 005 | 20170419103238.0 | ||
| 008 | 141107b2014 ck il. |r||||a00| 0 spa d | ||
| 020 | _a9789588343952 | ||
| 040 |
_aCO-BoIAVH _cCO-BoIAVH |
||
| 041 | _aspa | ||
| 044 | _ack | ||
| 082 | 0 | 4 |
_a333.918 _bV69h |
| 245 | 0 | 4 |
_aLos humedales de Cantagallo, San Pablo y Simití : _buna propuesta para su delimitación desde el enfoque de los sistemas socioecológicos / _ceditado por Sandra Vilardy y Jimena Cortés-Duque |
| 260 |
_aBogotá : _bInstituto de Investigación de Recursos Biológicos Alexander von Humboldt, _bMinisterio de Ambiente y Desarrollo Sostenible, _c2014. |
||
| 300 |
_a200 p. _bfot. (col), tablas, mapas _c28 cm. |
||
| 500 | _aLicencia Creative Commons CC de Atribución-Sin Derivar-No comercial | ||
| 500 | _aConvenio inter administrativo No. 12-098 con el Ministerio de Medio Ambiente y Desarrollo Sostenible | ||
| 504 | _aIncluye referencias bibliográficas (pag. 177-184) | ||
| 505 | _aCapítulo 1 - Principios y criterios para la delimitación de humedales de Colombia (pag. 19-39) | ||
| 505 | _aCapítulo 2 - Modelo de delimitación de los humedales de Simití, San Pablo y Cantagallo (Bolívar) (pag. 41-168) | ||
| 650 | 1 | 6 |
_aHumedales _xmonitoreo _xdelimitación _zBolivar (Dpt. Colombia) _981044 |
| 650 | 1 | 6 |
_aHumedales _xconservación _zColombia _981045 |
| 651 |
_aColombia _xHumedal _zCantagallo (Bolivar) _981046 |
||
| 651 |
_aColombia _xHumedal _zSimití (Bolivar) _981047 |
||
| 651 |
_aColombia _xHumedal _zSan Pablo (Colombia) _981048 |
||
| 700 | 0 |
_aVilardy-Quiroga, Sandra _eed. _928391 |
|
| 700 | 0 |
_aCortés-Duque, Jimena _eed. _911584 |
|
| 942 |
_2ddc _cLIBRO |
||
| 999 |
_c8753 _d8753 |
||